Statistics for US Capital Cities By Population

Click here to take the quiz!

General Stats

  • This quiz has been taken 30 times
  • The average score is 27 of 50

Answer Stats

Population Capital % Correct
1,615,017Phoenix
100%
947,890Austin
96%
860,090Columbus
91%
693,060Denver
87%
673,184Boston
87%
855,164Indianapolis
83%
660,388Nashville
78%
638,367Oklahoma City
74%
495,234Sacramento
74%
252,551Madison
65%
472,522Atlanta
65%
351,792Honolulu
65%
302,398Saint Paul
65%
7,535Montpelier
61%
280,364Lincoln
61%
458,880Raleigh
61%
227,715Baton Rouge
57%
116,020Lansing
57%
27,885Frankfort
57%
215,472Des Moines
57%
14,008Pierre
52%
193,744Salt Lake City
52%
179,219Providence
52%
98,111Albany
52%
72,417Bismarck
48%
190,894Tallahassee
48%
31,169Helena
48%
84,056Trenton
48%
126,808Topeka
48%
48,904Harrisburg
48%
223,170Richmond
48%
42,904Concord
48%
223,154Boise
48%
32,756Juneau
43%
167,419Salem
43%
18,494Augusta
43%
123,243Hartford
43%
198,541Little Rock
43%
200,022Montgomery
43%
37,786Dover
43%
115,715Springfield
39%
134,309Columbia
39%
169,148Jackson
39%
54,521Carson City
39%
83,875Santa Fe
39%
39,418Annapolis
39%
43,013Jefferson City
35%
51,202Olympia
35%
64,019Cheyenne
30%
49,138Charleston
26%

Score Distribution

Percentile by Number Answered

Percent of People with Each Score

Your Score History

You have not taken this quiz